000 00782nam a2200217Ia 4500
001 8943
003 GE_BSU
008 181216s||||||||xx |||||||||||||| ||und||
040 _cGE_BSU
100 _aკვიცარიძე,დავით
245 _aმშვიდობით,უსიერო ტყეებო!
245 _bრომანი
245 _cრედ.ჯ.ღვინჯილია,მხატვ.ბ.ბერძენიშვილი
260 _aთბილისი
260 _bსაბჭოთა საქართველო
260 _c1972
300 _a634გვ.1ფ.პორტრ.21სმ.
653 _aმშვიდობით,უსიერო ტყეებო!
653 _aრომანი
942 _cBK
999 _c42248
_d42248